00499nam a2200145 i 450000100060000000300090000600700030001500800410001810000400005924501090009926000480020830000290025670000360028585200320032124385ES-MaACLt|021217s1984 sp ||||1| spa d1 aAnasagasti Valderrama, Ana María.10aNiebla en la época de Alfonso X / cAna María Anasagasti Valderrama y Laureano Rodríguez Liañez. aHuelva : b[Caja Rural Provincial], c1984. a59 p. : bil. ; c23 cm.1 aRodríguez Liañez, Laureano. aES-MaACLjL-7744 bR.108281